000 00531nam a2200193Ia 4500
005 20250508165325.0
008 008 250505s9999 xx 000 0 eng d
037 _aTextBook
040 _aFEDL
_beng
_cFEDL
041 _aeng
_2eng
084 _a370.954, KRI/R
_qFEDL
100 _aKrishna Kumar
245 0 _aPolitics of education in colonial India
260 _aNew Delhi, India
_bRoutledge
_c2014
300 _axii, 248p.
365 _aINR
_b695
942 _cTB
_h370.954, KRI/R
999 _c1394464
_d1394464